000 00632nam a2200301Ia 4500
005 20260401122150.0
008 008 250103s9999 xx 000 0 eng d
020 _a8126001860
037 _aTB
040 _aEDL
040 _beng
040 _cEDL
041 _2eng
041 _aeng
084 _a891.439 ISH
084 _qEDL
100 _aIsh Kumar
_962568
245 0 _aMir Taqi Mir
245 0 _cIsh Kumar
260 _aNew Delhi
260 _bSahitya Akademi
260 _c1996
300 _a100p
942 _cTB
942 _h891.439 ISH
999 _c1845366
_d1845366